Normal view MARC view
  • Airplanes

Entry Topical Term

Number of records used in: 2

001 - CONTROL NUMBER

  • control field: 6722

003 - CONTROL NUMBER IDENTIFIER

  • control field: NUST

005 - DATE AND TIME OF LATEST TRANSACTION

  • control field: 20171123103345.0

008 - FIXED-LENGTH DATA ELEMENTS

  • fixed length control field: 171123|| aca||aabn | a|a d

040 ## - CATALOGING SOURCE

  • Original cataloging agency: NUST
  • Transcribing agency: NUST

150 ## - HEADING--TOPICAL TERM

  • Topical term or geographic name entry element: Airplanes
  • General subdivision: Collision avoidance
  • General subdivision: Fiction.

670 ## - SOURCE DATA FOUND

  • Source citation: Work cat.: (NUST)0: Hailey, Arthur. 6719, Airport., 1968.
© 2023 Central Library, National University of Sciences and Technology. All Rights Reserved.